A carregar...

Birth of the new justice : the Internationalization of Crime and Punishment, 1919-1950

Detalhes bibliográficos
Autor principal: Lewis, Mark
Formato: Printed Book
Publicado em: Oxford OUP 2016
Edição:First edition.
Colecção:Oxford studies in modern European history
Assuntos:
LEADER 00946cam a2200181 i 4500
020 |a 978019873251 
082 |a 345  |b LEW/B 
100 1 |a Lewis, Mark, 
245 1 4 |a Birth of the new justice : the Internationalization of Crime and Punishment, 1919-1950  
250 |a First edition. 
260 |a Oxford  |b OUP  |c 2016 
300 |a xii, 346 pages ; 
490 1 |a Oxford studies in modern European history 
500 |a The Birth of the New Justice is a history of the attempts to instate ad hoc and permanent international criminal courts and new international criminal laws from the end of World War I to the beginning of the Cold War. The purpose of these courts was to repress aggressive war, war crimes, terrorism, and genocide. 
650 0 |a International criminal law 
942 |c BK 
999 |c 43333  |d 43333 
952 |0 0  |1 0  |4 0  |6 345_000000000000000_LEWB  |7 0  |8 Stack  |9 47275  |a KUCL  |b KUCL  |c Stack  |d 2017-03-04  |g 26.99  |l 0  |o 345 LEW/B  |p 44170  |r 2017-03-04  |w 2017-03-04  |y BK